Purchasing and supply management ; (Record no. 37179)

MARC details
000 -LEADER
fixed length control field 00800nam a22002297a 4500
005 - DATE AND TIME OF LATEST TRANSACTION
control field 20100722115634.0
010 ## - LCCN (DPL NO)
LC control number ENG-96640
020 ## - INTERNATIONAL STANDARD BOOK NUMBER
International Standard Book Number 9780070706606
Terms of availability 425.00
020 ## - INTERNATIONAL STANDARD BOOK NUMBER
International Standard Book Number 0070706603
Terms of availability 425.00
035 ## - SYSTEM CONTROL NUMBER
System control number EN-80173
037 ## - SOURCE OF ACQUISITION
Source of stock number/acquisition DBAD/PUB
082 ## - DEWEY DECIMAL CLASSIFICATION NUMBER
Classification number 658.7
100 ## - MAIN ENTRY--PERSONAL NAME
Personal name Leender, Michiel R.
245 ## - TITLE STATEMENT
Title Purchasing and supply management ;
Remainder of title with 50 supply chain cases /
Statement of responsibility, etc by Michiel R. Leenders...[et al]
250 ## - EDITION STATEMENT
Edition statement 13th ed.
260 ## - PUBLICATION, DISTRIBUTION, ETC. (IMPRINT)
Place of publication, distribution, etc New Delhi
Name of publisher, distributor, etc Tata McGraw Hill
Date of publication, distribution, etc 2010
270 ## - ADDRESS
Address 7 West Patel Nager
City New Delhi
300 ## - PHYSICAL DESCRIPTION
Extent xix, 564 p.
Other physical details ill.
Dimensions 24cm. (pbk)
500 ## - GENERAL NOTE
General note Includes index.
942 ## - ADDED ENTRY ELEMENTS (KOHA)
Source of classification or shelving scheme Dewey Decimal Classification
Item type English Books
Classification part 658.7
Call number suffix LEE
Holdings
Withdrawn status Lost status Not for loan Collection code Home library Current library Date acquired Cost, normal purchase price Full call number Barcode Copy number Cost, replacement price Koha item type
    Not For Loan Non-fiction Andrews Gunj Andrews Gunj 22/07/2010 425.00 658.7 FEA EN-80173 1 425.00 English Books

© Delhi Public Library
Hit Counter
free hit counter